NLSUI OPAC header image

Gower and Davies' principles of modern company law / (Record no. 31074)

MARC details
000 -LEADER
fixed length control field 01257cam a2200337 a 4500
001 - CONTROL NUMBER
control field 16578358
005 - DATE AND TIME OF LATEST TRANSACTION
control field 20260601154923.0
008 - FIXED-LENGTH DATA ELEMENTS--GENERAL INFORMATION
fixed length control field 101214s2008 enk b 001 0 eng
010 ## - LIBRARY OF CONGRESS CONTROL NUMBER
LC control number 2010485946
020 ## - INTERNATIONAL STANDARD BOOK NUMBER
International Standard Book Number 9788190366489 (pbk.)
020 ## - INTERNATIONAL STANDARD BOOK NUMBER
International Standard Book Number 8190366483 (pbk.)
035 ## - SYSTEM CONTROL NUMBER
System control number 16578358
040 ## - CATALOGING SOURCE
Original cataloging agency DLC
Transcribing agency DLC
042 ## - AUTHENTICATION CODE
Authentication code pcc
043 ## - GEOGRAPHIC AREA CODE
Geographic area code e-uk---
082 ## - DEWEY DECIMAL CLASSIFICATION NUMBER
Classification number 346.066 GOW
100 1# - MAIN ENTRY--PERSONAL NAME
Personal name Davies, P. L.
245 10 - TITLE STATEMENT
Title Gower and Davies' principles of modern company law /
Statement of responsibility, etc. Paul L. Davies.
250 ## - EDITION STATEMENT
Edition statement 8th ed.
260 ## - PUBLICATION, DISTRIBUTION, ETC.
Place of publication, distribution, etc. London :
Name of publisher, distributor, etc. Sweet & Maxwell,
Date of publication, distribution, etc. 2012.
300 ## - PHYSICAL DESCRIPTION
Extent cii, 1258 p. ;
Dimensions 24 cm.
365 ## - TRADE PRICE
Price amount Rs. 1050
504 ## - BIBLIOGRAPHY, ETC. NOTE
Bibliography, etc. note Includes bibliographical references and index.
505 0# - Contents
Contents 1. Introductory;<br/>2. Separate legal personality and limited liability;<br/>3. Corporate governance : the board and shareholders;<br/>4. Corporate governance : majority and minority shareholders;<br/>5. Account and audit’<br/>6. Equity finance;<br/>7. Debt finance.
650 #0 - SUBJECT ADDED ENTRY--TOPICAL TERM
Topical term or geographic name entry element Corporation law
Geographic subdivision Great Britain.
700 1# - ADDED ENTRY--PERSONAL NAME
Personal name Gower, L. C. B.
906 ## - LOCAL DATA ELEMENT F, LDF (RLIN)
a 7
b cbc
c origcop
d 2
e ncip
f 20
g y-gencatlg
942 ## - ADDED ENTRY ELEMENTS (KOHA)
Source of classification or shelving scheme Dewey Decimal Classification
Koha item type BOOKs
Holdings
Withdrawn status Lost status Damaged status Not for loan Home library Current library Shelving location Date acquired Cost, normal purchase price Total Checkouts Full call number Barcode Date last seen Price effective from Koha item type
        NLS NLS NAB Compactor 30/05/2017 950.00   346.066 GOW-1 22879 30/05/2017 30/05/2017 BOOKs
        NLS NLS   30/05/2017 950.00   346.066 GOW-2 22880 14/06/2024 30/05/2017 BOOKs
        NLS NLS NAB Compactor 30/05/2017 950.00   346.066 GOW-3 22881 30/05/2017 30/05/2017 BOOKs
        NLS NLS Library Compactors 30/05/2017 950.00   346.066 GOW-5 24496 30/05/2017 30/05/2017 BOOKs
        NLS NLS   30/05/2017 950.00   346.066 GOW-4 22882 14/06/2024 30/05/2017 BOOKs
        NLS NLS NAB Compactor 30/05/2017 1050.00   346.066 GOW-1 28420 30/05/2017 30/05/2017 BOOKs
        NLS NLS NAB Compactor 30/05/2017 1050.00   346.066 GOW-2 28421 14/06/2024 30/05/2017 BOOKs